| 000 | 00566nam a22001937a 4500 | ||
|---|---|---|---|
| 003 | OSt | ||
| 005 | 20260511110253.0 | ||
| 008 | 260511b |||||||| |||| 00| 0 eng d | ||
| 020 | _a9780857059116 ( hardcover ) | ||
| 040 | _aKenya National Library Service | ||
| 082 | _a920 HAY | ||
| 100 |
_aHay, Elizabeth _eauthor |
||
| 245 |
_aAll things consoled : _ba dughter's memoir |
||
| 300 |
_a251 pages : _bportraits ; _c23 cm |
||
| 650 |
_aHay, Elizabeth 1951 _vFamily |
||
| 942 |
_2ddc _cBK _n0 |
||
| 999 |
_c492654 _d492654 |
||